00580cam a22001818a 4500008004100000020002500041245010200066260003300168300003600201504004100237500002000278650003100298700002000329700002200349003000100371005001700372040000900389  a9780470744314 (hbk.)10aPrinciples of communications networks and systems /cedited by Nevio Benvenuto and Michele Zorzi. aChichester :bWiley,cc2011. axxiii, 786 p. :bill. ;c25 cm. aIncludes bibliographical references. aincludes index. 0aTelecommunication systems. aZorzi, Michele.1 aBenvenuto, Nevio.20230123122310.0 cNUST